| 000 | 01030nam a22002297a 4500 | ||
|---|---|---|---|
| 999 |
_c56967 _d56967 |
||
| 003 | Ge_BSU | ||
| 005 | 20190911152213.0 | ||
| 008 | 190911s2006 ge ||||| |||| 00| 0 geo d | ||
| 041 | _ageo | ||
| 080 | _a61+159.9 ნ-24 | ||
| 100 |
_aნანეიშვილი, გ. _93961 |
||
| 245 |
_aსამედიცინო ფსიქოლოგიის საფუძვლები : _bსახელმძღვანელო სამედ. ფსიქოლოგიასა და დეონტოლოგიაში / _cრედ.: სულუხია ს. |
||
| 264 |
_aთბილისი ; _c2006. |
||
| 300 |
_a148 გვ. ; _b20 სმ. |
||
| 500 | _aქსეროსი | ||
| 504 | _aბიბლ.: გვ. 145-148 | ||
| 653 | _aფსიქოლოგია | ||
| 653 | _aდეონტოლოგია | ||
| 700 |
_aოკრიბელაშვილი, ნ. _eავტორი _93962 |
||
| 700 |
_aსულუხია, ს. _eრედაქტორი _93963 |
||
| 942 |
_2udc _cBK |
||